000 01006nam a22003017a 4500
003 DO-SdBPM
005 20250902141149.0
007 ta
008 151020b2002 sp a00| 0 spa d
020 _a9788420444550
040 _aDO-SdBPM
_bspa
_cBPMSU
_erda
082 4 _a863.6
_bL747ma 2002
_222
092 _2
100 1 _aLindo, Elvira
_d1962-
_eautora
245 1 0 _aManolito Gafotas :
_btiene un secreto /
_cElvira Lindo ; ilustración Emilio Urberuaga
246 1 0 _aManolito Gafotas
264 _aMadrid, España :
_bAlfaguara,
_c2002.
300 _a150 páginas :
_bilustraciones ;
_c20 cm.
336 _atexto
_btxt
_2rdacontent
337 _asin mediación
_bn
_2rdamedia
338 _avolumen
_bnc
_2rdacarrier
500 _3Recomendado para niños a partir de 12 años
_5
650 7 _aCuentos juveniles españoles.
650 7 _aSecretos
_vCuentos juveniles
700 1 _aUrberguara, Emilio,
_d1954-
_eilustrador
910 _aBTAVAREZ/ VMateo V. Control de caldiad. BPMSU
942 _2ddc
_cBK
999 _c8398
_d8398